000
00250nam a22000977a 4500
999
_c
11700
_d
11700
008
200110b ||||| |||| 00| 0 eng d
020
_a
9780736428880
100
_a
Lagonegro Melissa
_9
7390
245
_a
Cinderella
260
_a
New York
_b
Random House
_c
2012